La seismología en Filipinas : (Record no. 164252)

MARC details
000 -LEADER
campo de control de longitud fija 01161nam a22002295i 4500
001 - NÚMERO DE CONTROL
campo de control 164252
003 - IDENTIFICADOR DE NÚMERO DE CONTROL
campo de control ES-MaACL
005 - FECHA Y HORA DE LA ÚLTIMA TRANSACCIÓN
campo de control 20230906212912.0
008 - DATOS DE LONGITUD FIJA--INFORMACIÓN GENERAL
campo de control de longitud fija 000107s1895 phlf |||| | spa d
080 ## - NÚMERO DE LA CLASIFICACIÓN DECIMAL UNIVERSAL
Número de la Clasificación Decimal Universal 550.348(599)
100 1# - ENTRADA PRINCIPAL--NOMBRE DE PERSONA
Nombre de persona Saderra Maso, Miguel.
9 (RLIN) 132264
245 13 - MENCIÓN DEL TÍTULO
Título La seismología en Filipinas :
Resto del título datos para el estudio de terremotos del archipiélago filipino /
Mención de responsabilidad, etc. reunidos y ordenados por el P. Miguel Saderra Masó.
260 ## - PUBLICACIÓN, DISTRIBUCIÓN, ETC.
Lugar de publicación, distribución, etc. Manila :
Nombre del editor, distribuidor, etc. [s.n.],
Fecha de publicación, distribución, etc. 1895 (
Fabricante Estab. Tipo-litográfico de Ramírez y Compañía)
300 ## - DESCRIPCIÓN FÍSICA
Extensión [2], 122 p., [1] h. de mapa, XLI h. de mapas, XL h. de lám., [2] h. pleg. de lám. ;
Dimensiones 32 cm.
530 ## - NOTA DISPONIBLE DE FORMULARIO FÍSICO ADICIONAL
Nota de formato físico adicional disponible Disponible en formato digital.
594 ## - Nota al título y mención de responsabilidad
Nota al título y mención de responsabilidad Precede al tít.: Observatorio de Manila, dirigido por los padres de la Compañía de Jesús.
650 #4 - PUNTO DE ACCESO ADICIONAL DE MATERIA--TÉRMINO DE MATERIA
Término de materia o nombre geográfico como elemento de entrada Terremotos-
Subdivisión geográfica Filipinas.
9 (RLIN) 155970
650 #4 - PUNTO DE ACCESO ADICIONAL DE MATERIA--TÉRMINO DE MATERIA
Término de materia o nombre geográfico como elemento de entrada Sismología-
Subdivisión geográfica Filipinas.
9 (RLIN) 136883
710 2# - ENTRADA AGREGADA--NOMBRE DE ENTIDAD CORPORATIVA
Nombre de entidad corporativa o nombre de jurisdicción como elemento de entrada Observatorio de Manila.
9 (RLIN) 6008
852 4# - LOCALIZACIÓN
Ubicación ES-MaACL
Número de control de estantería T-771-F-4
Nota libre - Enc. hol., conservando cub. original
-- - Enc. en un vol. facticio
-- - Donativo de Moret
856 4# - LOCALIZACIÓN Y ACCESO ELECTRÓNICOS
Identificador Uniforme de Recursos <a href="http://bdh-rd.bne.es/viewer.vm?id=0000252596&page=1 ">http://bdh-rd.bne.es/viewer.vm?id=0000252596&page=1 </a>
Nota pública Biblioteca Digital Hispánica
Holdings
Estatus retirado Estado de pérdida Estado de daño No para préstamo Colección Biblioteca de origen Biblioteca actual Ubicación en estantería Fecha de adquisición Total de préstamos Signatura topográfica completa Código de barras Visto por última vez Precio de reemplazo Tipo de ítem Koha
        Colección de folletos Biblioteca del Ateneo de Madrid Biblioteca del Ateneo de Madrid Depósito folletos 17/01/2008   T-771-F-4 1172154 23/02/2023 23/02/2023 Folleto